000
00336nam a22001577a 4500
003
SGT
082
_a
612
_b
S07T
100
_a
TONDON,OP
245
_a
SYNOPSIS OFHUMAN PHYSIOLOGY
250
_a
2ND
260
_a
DELHI
_b
JAPEE BROTHERS
_c
2007
300
_a
166
650
_a
HUMAN PHYSIOLOGY
653
_a
PHYSIOLOGY
942
_2
ddc
_c
BK
_0
3
999
_c
8330
_d
8330